Kentlerde kültür sanat yönetimi : (Kayıt no. 10276)

MARC ayrıntıları
000 -BAŞLIK
Sabit Uzunluktaki Kontrol Alanı 01154nam a22002657a 4500
003 - KONTROL NUMARASI KİMLİĞİ
Kontrol Alanı KOHA_MİRAKIL
005 - EN SON İŞLEM TARİHİ ve ZAMANI
Kontrol Alanı 20260420094814.0
008 - SABİT UZUNLUKTAKİ VERİ ÖGELERİ - GENEL BİLGİ
Sabit Alan 260416b tu ||||| |||| 00| 0 tur d
020 ## - ISBN - ULUSLARARASI STANDART KİTAP NUMARASI
Isbn 9786057234827
040 ## - KATALOGLAMA KAYNAĞI
Özgün Kataloglama Kurumu TR-AnABB
Kataloglama Dili tur
Çeviri Kurumu TR-AnABB
041 ## - DİL KODU
Metin ya da ses kaydının dil kodu tur
082 ## - DEWEY ONU SINIFLAMA SİSTEMİ
Sınıflama Numarası 352.947
Cutter numarası CAM 2023
100 1# - KİŞİ ADI
Yazar Adı (Kişi adı) Çam, Fatih
245 10 - ESER ADI BİLDİRİMİ
Başlık Kentlerde kültür sanat yönetimi :
Alt Eseradı vb. yerel yönetimler araştırması /
Sorumluluk Bildirimi Fatih Çam
246 ## - DEĞİŞİK BAŞLIK FORMU
Başlık uygun / kısa başlık Yerel yönetimler araştırması
260 ## - YAYIN, DAĞITIM, VB.
Yayın Yeri Ankara :
Yayınevi İdealkent Yayınları,
Yayın Tarihi 2023
300 ## - FİZİKSEL TANIMLAMA
Sayfa, Cilt vb. 368 sayfa ;
Boyutları 20 cm
490 0# - DİZİ BİLDİRİMİ
Dizi Bildirimi İdealkent yayınları ;
Cilt Numarası 55
490 0# - DİZİ BİLDİRİMİ
Dizi Bildirimi Mekan, Kültür ve bellek çalışmaları dizisi ;
Cilt Numarası 1
505 ## - İÇİNDEKİLER NOTU
İçindekiler Notu İçindekiler: Kültür ve Sanatın mekanı kent - Türkiye'de belediyeler kültür-sanat - Kültür sanatın kurumsallaşması: belediyeler dışındaki kültür sanat kurum ve kuruluşları - Türkiye'de belediyeler ve kültür-sanat ilişkilerinin analizine yönelik bir araştırma
650 04 - KONU BAŞLIĞI EK GİRİŞ - KONU TERİMİ
Konusal terim veya coğrafi ad Yerel yönetimler, Sanat ve kültür yönetimi
650 04 - KONU BAŞLIĞI EK GİRİŞ - KONU TERİMİ
Konusal terim veya coğrafi ad Yerel yönetimler
900 ## - YEREL BİLGİ
Kontrol Can ÇELIK
942 ## - EK GİRİŞ ÖGELERİ (KOHA)
Sınıflama Kaynağı Dewey Decimal Classification
Materyal Türü Kitap
Mevcut
Geri Çekilme Durumu Kayıp Durumu Sınıflandırma Kaynağı Kredi için değil Kalıcı Konum Mevcut Konum Kayıt Tarih Toplam Ödünçverme Yer Numarası Demirbaş Numarası Son Görülme Tarihi Fatura Tarihi Materyal Türü
    Dewey Decimal Classification   Prof. Dr. Ruşen Keleş Kütüphanesi Prof. Dr. Ruşen Keleş Kütüphanesi 16/04/2026   352.947 CAM 2023 RK7166 16/04/2026 16/04/2026 Kitap